000 00229nam a22000977a 4500
008 161206b xxu||||| |||| 00| 0 eng d
082 _a823
_bNOS2505
100 _91832
_aNosov. N
245 _aUp in the clouds
260 _aMosco
_bRadusa
999 _c4574
_d4574